| 000 | 00510nam a22001811a 4500 | ||
|---|---|---|---|
| 001 | 11332 | ||
| 003 | OSt | ||
| 005 | 20260204212239.0 | ||
| 008 | 120623s2009||||dr ||||||b||||||||||spa|| | ||
| 020 | _a9789945427790 | ||
| 050 | _aRD 863.5 H27t | ||
| 100 | _aHasbún Espinal, Yudet | ||
| 245 | _aEl trujillo que yo conocí y otro relato / Yudet Hasbún Espinal | ||
| 264 | _aSanto Domingo: Búho | ||
| 300 | _a163 p | ||
| 650 | _aCuentos Dominicano 2.Relatos Histórico - Era de trujilloÌ | ||
| 942 |
_2ddc _cBK |
||
| 999 |
_c11332 _d11332 |
||